• AIU
  • Tony Wilmot Memorial Library

Our african spiritual heritage : (Record no. 64351)

MARC details
000 -LEADER
fixed length control field 00313nam a2200121 4500
082 0# - DEWEY DECIMAL CLASSIFICATION NUMBER
Classification number 299.6
100 1# - MAIN ENTRY--PERSONAL NAME
Personal name Wheeler, Andrew C.
245 10 - TITLE STATEMENT
Title Our african spiritual heritage :
Remainder of title A tee course for Sudan
Statement of responsibility, etc Rev. Andrew C. Wheeler
260 ## - PUBLICATION, DISTRIBUTION, ETC. (IMPRINT)
Date of publication, distribution, etc c.1993
300 ## - PHYSICAL DESCRIPTION
Extent 53 p.
700 1# - ADDED ENTRY--PERSONAL NAME
Personal name Wheeler, Andrew C.
942 ## - ADDED ENTRY ELEMENTS (KOHA)
Source of classification or shelving scheme
Koha item type Books

No items available.